[Event "Capitan San Luis Memorial 3rd"]
[Site "Havana"]
[Date "2018.04.25"]
[Round "8"]
[White "Naranjo Carrillo, Eriberto"]
[Black "Dominguez Fiallo, Ernesto"]
[Result "0-1"]
[WhiteElo "1871"]
[BlackElo "1978"]
[PlyCount "106"]
[EventDate "2018.04.16"]
[EventType "swiss"]
[EventRounds "9"]
[EventCountry "CUB"]
[SourceTitle "EXT 2021"]
[Source "ChessBase"]
[SourceDate "2020.10.23"]
[SourceVersion "1"]
[SourceVersionDate "2020.10.23"]
[SourceQuality "1"]

1. e4 c5 2. f4 Nc6 3. Nf3 e6 4. Bb5 Nge7 5. 0-0 g6 6. c3 Bg7 7. d4 cxd4 8. cxd4 d5 9. e5 Bd7 10. Nc3 Nf5 11. Bxc6 Bxc6 12. g4 Nh4 13. Nxh4 Qxh4 14. Kg2 h5 15. g5 Qg4+ 16. Qxg4 hxg4 17. Be3 Kd7 18. Bf2 Bf8 19. a3 Be7 20. Rfe1 Rh3 21. Bg3 b6 22. Nd1 Bb5 23. Nf2 Rhh8 24. Nxg4 Bd3 25. Nf2 Bf5 26. Rac1 Rac8 27. Kf3 b5 28. Red1 Rc4 29. Rxc4 bxc4 30. Rc1 Rb8 31. Nd1 Bd8 32. Be1 Bb6 33. Bf2 Ba5 34. Be3 Rb3 35. Kf2 Bg4 36. Nc3 Rxb2+ 37. Kg3 Bf5 38. h4 Rb3 39. Bd2 Rxa3 40. Kf2 Bb4 41. Ke1 Kc6 42. Kd1 a5 43. Ke1 Rb3 44. Kd1 Rb2 45. Ra1 Rb3 46. Rc1 Ba3 47. Ra1 Bb2 48. Rxa5 Bxc3 49. Bxc3 Rxc3 50. Ra7 Rb3 51. Rxf7 c3 52. Rxf5 exf5 53. Kc2 Rb2+ 0-1

[Event "Capitan San Luis Memorial 3rd"]
[Site "Havana"]
[Date "2018.04.24"]
[Round "7"]
[White "Dominguez Fiallo, Ernesto"]
[Black "Quesada Batista, Jose Manuel"]
[Result "1-0"]
[WhiteElo "1978"]
[BlackElo "2041"]
[PlyCount "59"]
[EventDate "2018.04.16"]
[EventType "swiss"]
[EventRounds "9"]
[EventCountry "CUB"]
[SourceTitle "EXT 2021"]
[Source "ChessBase"]
[SourceDate "2020.10.23"]
[SourceVersion "1"]
[SourceVersionDate "2020.10.23"]
[SourceQuality "1"]

1. e4 c5 2. Nf3 d6 3. d4 cxd4 4. Nxd4 Nf6 5. Nc3 g6 6. Be3 Bg7 7. f3 Nc6 8. Qd2 0-0 9. 0-0-0 d5 10. Kb1 Nxd4 11. e5 Nd7 12. Bxd4 Nxe5 13. Qe3 Qd6 14. Nb5 Qb8 15. Bxa7 Rxa7 16. Qxa7 Qxa7 17. Nxa7 Bd7 18. Rxd5 Be6 19. Ra5 Rd8 20. Bd3 Nxd3 21. cxd3 Rxd3 22. Nb5 Bf5 23. Ka1 Bf6 24. Nc3 Rd2 25. Rb5 Rxg2 26. Nd5 Bh4 27. Ne3 Rf2 28. Nxf5 gxf5 29. Rxb7 Rxf3 30. Rg1+ 1-0

[Event "Capitan San Luis Memorial 3rd"]
[Site "Havana"]
[Date "2018.04.23"]
[Round "6"]
[White "Prieto Beltran, Benigno Hortensi"]
[Black "Dominguez Fiallo, Ernesto"]
[Result "0-1"]
[WhiteElo "1971"]
[BlackElo "1978"]
[PlyCount "70"]
[EventDate "2018.04.16"]
[EventType "swiss"]
[EventRounds "9"]
[EventCountry "CUB"]
[SourceTitle "EXT 2021"]
[Source "ChessBase"]
[SourceDate "2020.10.23"]
[SourceVersion "1"]
[SourceVersionDate "2020.10.23"]
[SourceQuality "1"]

1. e4 c5 2. Bc4 e6 3. Nc3 Nc6 4. Nf3 a6 5. a3 b5 6. Ba2 Bb7 7. d3 g6 8. 0-0 Bg7 9. Re1 Nge7 10. Rb1 0-0 11. Be3 Nd4 12. Qd2 d5 13. Bh6 Nxf3+ 14. gxf3 Nc6 15. Bxg7 Kxg7 16. Ne2 Ne5 17. Qf4 Qg5+ 18. Qxg5 Nxf3+ 19. Kg2 Nxg5 20. f3 f5 21. h4 fxe4 22. fxe4 Nf3 23. Rh1 dxe4 24. Kg3 Nd2 25. Nf4 Kh8 26. h5 g5 27. Ng6+ hxg6 28. hxg6+ Kg7 29. Rh7+ Kxg6 30. Rbh1 Nf1+ 31. Rxf1 Rxf1 32. Rxb7 Re8 33. dxe4 Ra1 34. Bd5 exd5 35. exd5 Rd1 0-1